A speech delivered by Ghazi Mustafa Kemal, President of the Turkish Republic

Bibliographic Details
Main Author: Atatürk, Kemal, 1881-1938 (Author)
Corporate Author: Türkiye İş Bankası. Kültür Yayınları
Format: Book
Language:English
Published: İstanbul : Türkiye İş Bankası Kültür Yayınları, 2019
Series:Genel yayın (Türkiye İş Bankası. Kültür Yayınları) ; no. 4455.
Subjects:

MARC

Tag First Indicator Second Indicator Subfields
LEADER 00000cam a2200000 i 4500
001 in00005646313
008 190814r20191929tu bc 000 s eng d
005 20250604212247.5
035 |a (OCoLC)on1112200653 
040 |a STF  |b eng  |e rda  |c STF  |d OCLCF  |d OCLCO  |d OCLCQ  |d OCLCO  |d CNGUL  |d OCLCO  |d OCLCL  |d BBH  |d OCLCO  |d TXA 
020 |a 9786052957776 
020 |a 6052957778 
035 |a (OCoLC)1112200653 
043 |a a-tu--- 
050 4 |a DR592.K4  |b A323 2019 
084 |a K374.506  |2 clc 
100 1 |a Atatürk, Kemal,  |d 1881-1938,  |e author.  |1 https://id.oclc.org/worldcat/entity/E39PBJbM3MwvtpghxYTM9MpF8C 
245 1 2 |a A speech delivered by Ghazi Mustafa Kemal, President of the Turkish Republic 
264 1 |a İstanbul :  |b Türkiye İş Bankası Kültür Yayınları,  |c 2019 
264 4 |c ©1929 
300 |a 724 pages :  |b portrait, 10 folded color maps (in pocket) ;  |c 24 cm 
336 |a text  |b txt  |2 rdacontent 
337 |a unmediated  |b n  |2 rdamedia 
338 |a volume  |b nc  |2 rdacarrier 
490 1 |a Genel yayin ;  |v 4455 
534 |p Facsimile reprint. Originally published:  |c Leipzig: K.F. Koehler, 1929 
600 1 0 |a Atatürk, Kemal,  |d 1881-1938  |v Sources. 
651 0 |a Turkey  |x History  |y 1918-1960. 
651 6 |a Turquie  |x Histoire  |y 1918-1960. 
600 1 7 |a Atatürk, Kemal,  |d 1881-1938.  |2 cct 
650 7 |a History.  |2 cct 
650 7 |a Sources.  |2 cct 
651 7 |a Turkey  |x History  |z 1918-1960.  |2 cct 
651 7 |a Turkey.  |2 cct 
600 1 7 |a Atatürk, Kemal,  |d 1881-1938  |2 fast  |1 https://id.oclc.org/worldcat/entity/E39PBJbM3MwvtpghxYTM9MpF8C 
651 7 |a Turkey  |2 fast  |1 https://id.oclc.org/worldcat/entity/E39PBJxmHG9jJjCTM3y4pFRqcP 
648 7 |a 1918-1960  |2 fast 
655 7 |a History  |2 fast 
655 7 |a Sources  |2 fast 
655 7 |a Speeches.  |2 lcgft 
710 2 |a Türkiye İş Bankası.  |b Kültür Yayınları. 
758 |i has work:  |a A speech delivered by Ghazi Mustafa Kemal, President of the Turkish Republic (Text)  |1 https://id.oclc.org/worldcat/entity/E39PCFrp99jK9bBp8hY7yk9DpX  |4 https://id.oclc.org/worldcat/ontology/hasWork 
775 0 8 |i Facsimile reproduction of (manifestation):  |a Atatürk, Kemal, 1881-1938.  |t Speech delivered by Ghazi Mustapha Kemal, President of the Turkish Republic, October 1927.  |d Leipzig, K.F. Koehler, 1929  |w (DLC) 32018767  |w (OCoLC)1162972 
830 0 |a Genel yayın (Türkiye İş Bankası. Kültür Yayınları) ;  |v no. 4455. 
994 |a Z0  |b TXA 
948 |h HELD BY TXA - 5 OTHER HOLDINGS 
999 f f |s b12296b3-4e0d-49f3-86af-6709fa63fd35  |i 81f6dc8b-66e3-4aea-bc5a-4f16eadcc662  |t 0 
952 f f |p noncirc  |a Texas A&M University  |b College Station  |c Sterling C. Evans Library  |d Bodrum (located in Turkey)  |t 0  |e DR592.K4 A323 2019  |h Library of Congress classification  |i unmediated -- volume 
998 f f |a DR592.K4 A323 2019  |t 0  |l Bodrum (located in Turkey)